000 00332nam a2200133Ia 4500
001 4576
008 241024s9999 xx 000 0 und d
082 _aRD/333.7/F981m/2015-2016
100 _aFundación Sur Futuro
245 0 _aMemoria 2015-2016
260 _bSanto Domingo
_c2016
901 _a2/1/2017 11:28:20 a.m.
999 _c9701
_d9701